| 000 | 02616nam a22003017a 4500 | ||
|---|---|---|---|
| 001 | 8877 | ||
| 003 | FISKH | ||
| 005 | 20251028123259.0 | ||
| 008 | 251028b cb ||||| |||| 00| 0 eng d | ||
| 020 | _a9789996346439 | ||
| 040 |
_aFISKH _bkhr _cFISKH _dFISKH |
||
| 050 | _aPZ7 | ||
| 082 | _a895 | ||
| 100 | _aChakriya, Vat | ||
| 245 |
_aឪពុកក្មេករើសកូនប្រសារ : _bThe father selects his son-in-law / _cរៀបរៀងដោយ អ្នកនាង វ៉ាត ចរិយា , ពិនិត្យអក្ខរាវិរុទ្ធ អ្នកស្រី គឹមស៊ុន សុធារី , កញ្ញា វុិច វឌ្ឍនា និង កញ្ញា ហម លឹមឆេង |
||
| 260 |
_aភ្នំពេញ : _bReading Books , _c2015. |
||
| 300 |
_a28 pages : _bcolor illustrations ; _c25 cm . |
||
| 505 | _aR | ||
| 520 | _aរឿងនេះផ្តល់តម្លៃអប់រំអោយមិត្តអ្នកអានអោយធ្វើជាមនុស្សសុចរិតទៀងត្រង់ ប្រព្រឹ្តត្តិតែអំពើល្អ និងចេះប្រើប្រាស់ប្រកបដោយភាពវៃឆ្លាត ដើម្បីដោះស្រាយបញ្ហា និងជំនះរាល់ឧបសគ្គដែលកើតឡើងនៅចំពោះមុខ ។ ជាងនេះទៅទៀត ត្រូវចេះយោគយល់អធ្យាស្រ័យគ្នា កុំមានគំនិតរើសអើង ប្រកាន់វណ្ណះ រូបសម្បត្តិល្អ អាក្រក់ឡើយ ព្រោះតែតម្លៃមនុស្សមិនស្ថិតនៅលើរូបសម្បត្តិទេ ។ | ||
| 520 | _aThis story intends to educate the readers to belive in good faith, do good deeds, and smartly use their intelligenve to solve problem and to overcome obstac;es they are facing . Morever, the writer wishes to advised the readers to be tolerant and avoid discrimination against the social classes and physical apprearance . The human value is not evaluated by appearance . | ||
| 521 | 8 |
_a660
_bLexile estimate |
|
| 521 | 8 |
_aR
_bRaz-Plus |
|
| 650 |
_aឪពុកក្មេករើសកូនប្រសារ _vរឿងនិទានកុមារ |
||
| 650 |
_aThe father selects his son-in-law _vChildren's Stories |
||
| 700 |
_aChinith, Chou _eIllustrator |
||
| 942 |
_2ddc _cKHB _n0 |
||
| 999 |
_c8877 _d8877 |
||